| 000 | 00565nam a22001937a 4500 | ||
|---|---|---|---|
| 003 | DO-CoUTE | ||
| 005 | 20230718131145.0 | ||
| 008 | 230718b dr ||||| |||| 00| 0 spa d | ||
| 040 |
_aDO-CoUTE _bspa _cDO-CoUTE |
||
| 082 |
_222 _aRD 863.44 C965p |
||
| 100 | 1 |
_aCuevas, Hyde _eautor |
|
| 245 | 1 | 0 |
_aPor la ruta de los coyotes / _cHyde Cuevas |
| 250 | _aPrimera edición | ||
| 260 |
_aMiami : _bEagle Lithographers, _c2000 |
||
| 300 |
_a151 páginas : _c15x22cm |
||
| 504 | _aIncluye referencia bibliográfica e índice | ||
| 650 | 4 | _aNovela | |
| 942 |
_2ddc _cBK |
||
| 999 |
_c22926 _d22926 |
||